01358cam a22002175a 4500001000500000005001700005020001700022040001800039050001700057082000900074100002100083245004100104250002200145260004100167300004200208490001900250505000800269520082300277521002001100521002001120127620230908160328.0 a071001003994 aDLCcDLCbeng aPS3553.L3914 aFic 1 aCleary, Beverly.10aBeezus and Ramona /cBeverly Cleary, aReillustrated ed. aNew York, NY :bMorrow,Williamc1955 a159 pages : bIllustrations ;c20 cm  aBeverly Cleary aR  aNewbery Award winner Beverly Cleary delivers a humorous portrayal of the ups and downs of sisterhood. Both the younger and older siblings of the family will enjoy this book. Having a little sister like four-year-old Ramona isn't always easy for Beezus Quimby. With a wild imagination, disregard for order, and an appetite for chaos, Ramona makes it hard for Beezus to be the responsible older sister she knows she ought to be...especially when Ramona threatens to ruin Beezus's birthday party. Will Beezus find the patience to handle her little sister before Ramona turns her big day into a complete disaster? "An important reminder of the good that can come when you throw yourself fully into any situation and draw outside the lines," says Brightly in their article "12 Girls from Fiction Who Are Their Own Heroes."  a780 bLexile  aR bRaz-Plus